LAW OF COPYRIGHT COMPARATIVE PERSPECTIVES (Record no. 10185)

MARC details
000 -LEADER
fixed length control field 00333nam a22001457a 4500
003 - CONTROL NUMBER IDENTIFIER
control field SGT
020 ## - INTERNATIONAL STANDARD BOOK NUMBER
International Standard Book Number 9788180388354
082 ## - DEWEY DECIMAL CLASSIFICATION NUMBER
Classification number 346.540482,CHA
100 ## - MAIN ENTRY--PERSONAL NAME
Personal name CHAWALA ALKA
245 ## - TITLE STATEMENT
Title LAW OF COPYRIGHT COMPARATIVE PERSPECTIVES
260 ## - PUBLICATION, DISTRIBUTION, ETC. (IMPRINT)
Place of publication, distribution, etc NEW DELHI
Name of publisher, distributor, etc LEXISNEXIS
Year of Publication 2013
300 ## - PAGE DESCRIPTION
No. of Pages 316
650 ## - SUBJECT ADDED ENTRY--TOPICAL TERM
Topical term or geographic name as entry element LAW BOOKS
942 ## - ADDED ENTRY ELEMENTS (KOHA)
Source of classification or shelving scheme Dewey Decimal Classification
Koha item type Books
Holdings
Withdrawn status Lost status Source of classification or shelving scheme Damaged status Not for loan Collection code Home library Current library Shelving location Date acquired Vendor Name SGTU Bill Number Full call number Accession No. (Barcode) Date last seen Bill Date Koha item type
    Dewey Decimal Classification   Not For Loan LAW SGT Science & Social Sciences Library SGT Science & Social Sciences Library Reference Book 12/12/2016 JUPITER LAW BOOK COMPANY SGTU 1377 346.540482,CHA FL826 12/12/2016 21/03/2015 Books